Las drogas y la salud pública: ¿hacia dónde vamos? /

保存先:
書誌詳細
第一著者: Medina-Mora, María Elena
その他の著者: Real, Tania, Villatoro, Jorge, Natera, Guillermina
フォーマット: テキスト
タグ: タグ追加
タグなし, このレコードへの初めてのタグを付けませんか!

MARC

LEADER 00000 a a2200000 04500
001 47377
003
040
100 |a Medina-Mora, María Elena 
245 |a Las drogas y la salud pública:   |b ¿hacia dónde vamos? /  |c María Elena Medina-Mora, Tania Real, Jorge Villatoro, Guillermina Natera  
700 |a Real, Tania  
700 |a Villatoro, Jorge  
700 |a Natera, Guillermina  
773 |g volumen55, número1, (2013), páginas 67-73  
999 |c 29408  |d 29408